Introduction to Financial Management

Gespeichert in:
Bibliographische Detailangaben
1. Verfasser: Schall, Lawrence D.
Weitere Verfasser: Haley, Charles W.
Format: Buch
Sprache:Englisch
Veröffentlicht: New York MacGraw-Hill 1988
Ausgabe:5. ed.
Schlagworte:
Tags: Tag hinzufügen
Keine Tags, Fügen Sie das erste Tag hinzu!

MARC

LEADER 00000nam a2200000 4500
001 c010154
005 20221206134821.5
020 |a 0-07-055112-X 
041 0 |a eng 
044 |a US 
245 1 0 |a Introduction to Financial Management  |c Lawrence D. Schall, Charles W. Haley 
250 |a 5. ed. 
264 1 |a New York  |b MacGraw-Hill  |c 1988 
300 |a 856 s. 
610 2 0 |a manažment finančný 
610 2 0 |a spoločnosti finančné 
610 2 0 |a rozhodovanie 
610 2 0 |a investície 
610 2 0 |a zisk 
610 2 0 |a analýzy 
610 2 0 |a trh 
610 2 0 |a trh peňažný 
610 2 0 |a kapitál finančný 
610 2 0 |a spoločnosti holdingové 
100 1 |a Schall, Lawrence D. 
700 1 |a Haley, Charles W.